| 000 | 00411nam a2200133 4500 | ||
|---|---|---|---|
| 245 |
_aRomantic imagination _cMaurice Bowra |
||
| 100 | _aBowra, Maurice | ||
| 260 |
_aLondon _bOxford University Press _c1978 |
||
| 300 | _axii, 306p. ; 22cm. | ||
| 020 | _a0192810065 | ||
| 082 |
_a821.00914 _bBOW |
||
| 650 | _aEnglish poetry--Romanticism--18th century--History and criticism | ||
| 650 | _aPoets,English--18th century | ||
| 999 |
_c17386 _d17386 |
||